MDQL
is popping MORE tags! Check the
thread
!
Quizzes
Events
Quiz Creation
Community
Videos
Private Events
Remove Ads
Sign In
Join for FREE
Feedback
Dark Mode
Quiz Categories
Sports
Geography
Music
Movies
Television
Just For Fun
Miscellaneous
History
Literature
Language
Science
Gaming
Entertainment
Religion
Holiday
For Kids
Quiz Lab
Recent
Popular Today
Quiz Kudos Today
Editor Picks
Curator Picks
Quizzes by...
Day
Popularity
Type
Ratings
Length
Year
Community
Subscriptions
Recent Discussions
Orange Saloon
Badges
Playlists
Quests
Create
Leaderboards
Showdown
Live 5
Trivia Bingo
Activity
Puzzle Library
Sporcle Events
Private Events
Virtual Trivia
Globe League
Become a Host
Pub Owners
SporcleCon
Opinionation
Our Games
Videos
Blog
Mobile Apps
Partnerships
Remove Ads and Go Orange
Feedback
History
US Presidents
World Leaders
Politics
Nation
Discovery
War
Decade
Year
Century
Biography
Art
History
US Presidents
World Leaders
Politics
Nation
Discovery
War
Decade
Year
Century
Biography
Art
Random Quiz
Search Sporcle
×
Quiz Lab
Quiz Lab
History
Decade
Type in answers that appear in a list
Type in answers that appear in a list
Classic
Best Score? Go Orange.
Longest Reigning British Monarch By Decade Stats
Can you name the Longest Reigning British Monarch By Decade?
By
Ksus
10m
96 Questions
556 Plays
556 Plays
556 Plays
Comments
Comments
Give Quiz Kudos
Give Quiz Kudos
-
- Ratings
hide this ad
Forced Order
Answers have to be entered in order
Answers have to be entered in order
Replay
Link that replays current quiz
Next Quiz
Link to next quiz in quiz playlist
You Got
0%
They Got
Avg Score
83%
Avg Friend Score
Upgrade to see
Score Distribution
Jump to the score distribution portion of the page
Score
0/96
Timer
10:00
0
Plays Today
Decade
Monarch
% Correct
1066-
1070
William I
93.5%
1070s
William I
90.5%
1080s
William I
89.9%
1850s
Victoria
88.7%
1860s
Victoria
88.7%
1870s
Victoria
88.5%
1840s
Victoria
88.3%
1880s
Victoria
88.3%
1950s
Elizabeth II
88.1%
1090s
William II
87.9%
1520s
Henry VIII
87.9%
1590s
Elizabeth I
87.9%
1890s
Victoria
87.9%
1560s
Elizabeth I
87.8%
1570s
Elizabeth I
87.8%
1580s
Elizabeth I
87.8%
1530s
Henry VIII
87.4%
1540s
Henry VIII
87.4%
1980s
Elizabeth II
87.4%
1510s
Henry VIII
87.2%
1960s
Elizabeth II
87.2%
1990s
Elizabeth II
87.2%
1970s
Elizabeth II
87.1%
1940s
George VI
86.9%
2000s
Elizabeth II
86.7%
2010s
Elizabeth II
86.7%
1500s
Henry VII
86.5%
1620s
James I
86.5%
1930s
George V
86.5%
1640s
Charles I
86.3%
1600s
James I
86.2%
1610s
James I
86.2%
Decade
Monarch
% Correct
1770s
George III
86.2%
1780s
George III
86.2%
1630s
Charles I
86%
1760s
George III
86%
1790s
George III
85.8%
1800s
George III
85.8%
1810s
George III
85.6%
1920s
George V
85.6%
1750s
George II
85.4%
1910s
George V
85.4%
1110s
Henry I
85.1%
1120s
Henry I
85.1%
1130s
Henry I
84.9%
1100s
Henry I
84.7%
1730s
George II
84.7%
1740s
George II
84.7%
1490s
Henry VII
84.5%
1720s
George I
84.4%
1900s
Edward VII
84%
1710s
George I
83.8%
1820s
George IV
83.3%
1480s
Henry VII
83.1%
1550s
Mary I
82.6%
1670s
Charles II
82.6%
1160s
Henry II
82.4%
1180s
Henry II
82.4%
1660s
Charles II
82.4%
1170s
Henry II
82.2%
1150s
Henry II
82%
1410s
Henry V
81.7%
1680s
Charles II
81.5%
1190s
Richard I
81.3%
Decade
Monarch
% Correct
1430s
Henry VI
81.3%
1440s
Henry VI
81.1%
1420s
Henry VI
80.9%
1450s
Henry VI
80.9%
1230s
Henry III
80.4%
1240s
Henry III
80.4%
1200s
John
80.2%
1220s
Henry III
80.2%
1400s
Henry IV
80.2%
1250s
Henry III
79.9%
1260s
Henry III
79.9%
1470s
Edward IV
79.7%
1460s
Edward IV
79.3%
1210s
John
79%
1280s
Edward I
79%
1320s
Edward II
79%
1140s
Stephen
78.8%
1330s
Edward III
78.8%
1350s
Edward III
78.8%
1360s
Edward III
78.8%
1270s
Edward I
78.6%
1290s
Edward I
78.6%
1300s
Edward I
78.6%
1310s
Edward II
78.6%
1340s
Edward III
78.6%
1370s
Edward III
78.6%
1390s
Richard II
78.6%
1700s
Anne
78.6%
1380s
Richard II
78.2%
1830s
William IV
78.1%
1690s
William III
73.4%
1650s
Interregnum
57.2%
Quiz Playlist
Details
Report
Send in Message
Add To Playlist
Classic:
Type in answers that appear in a list
Forced Order:
Answers have to be entered in order
Last Updated: Apr 10, 2020
Quiz Scoreboard
CHALLENGE
Sign Up to Join the Scoreboard
Show All
Scores
Hide
Comments
May contain spoilers
Recently Published
Find the 'City' Movie
by crazypaving
Movies
60s
5x2 Blitz: Bands
by SL_Kpop136
Music
30s
Colored Red Africa Blitz
by spor1
Geography
30s
More to Explore
Quiz From the Vault
Featured Blog Post
14 Easter Pick-up Lines to Find Eggs With
hide this ad
You Might Also Like...
Tags
Decade Quiz
United Kingdom Quiz
British
British Monarch
British Queen
King
longest
Longest Reigning
monarch
Queen
Reigning
Today's Top Quizzes in History
Browse History
hide this ad
Today's Top Quizzes in Decade
Browse Decade
Top Contributed Quizzes in History
1
Popular People in 1991
2
US National Parks Named After People
3
Popular People in 1981
4
Popular People in 1951
5
Popular People in 1941
6
Complete a popular quote - Maya Angelou
7
Order Up: 1000 Years of World Events I
8
Popular People in 1986
9
Popular People in 1936
10
Popular People in 1926
Explore More
Trending Topics
Harry Potter
Anime
Marvel
Disney
Crossword
NBA
Kpop
Soccer
Country
The Office
Puzzle
Pokémon
WWE
NFL
Song
hide this ad
More By:
Ksus
Quiz
Plays
Rating
Category
Featured
Created
US Presidents with Queen Elizabeth II
26,237
4.68
History
Feb 19, 2018
New York City by Every Category
21,941
4.34
Miscellaneous
Mar 9, 2018
Most Popular Toy By Year (1990s)
19,269
4.58
Gaming
Jun 28, 2020
Elizabeth II with Her Prime Ministers
16,227
4.80
History
Feb 19, 2018
Most Popular Toy By Year (1980s)
12,759
4.61
Gaming
Jun 29, 2020
Go to Creator's Profile
Score Distribution
Quiz Creator Spotlight
Ksus
Follow
Send a Message
Quizzes Created
-
Created Quiz Play Count
-
More By This Creator
Popular Quizzes Today
1
5x2 Blitz: Bands
2
Find the 'City' Movie
3
Colored Red Africa Blitz
4
Find the US States - No Outlines Minefield
5
The Countries of the World
6
Find the US States
7
9x9 Crossword: Cartoon Network
8
US States
More History Quizzes
300 Entities of Holy Roman Empire (by first 3 letters)
Quiz Lab
Trending Quizzes
Colored Red Africa Blitz II
Colored Red Europe Blitz I
Christmas Pick: Judaism
Colored Red Africa Blitz III
Colored Red Europe Blitz II
Recently Updated
Champions League XIs: Real Madrid
pecheneg
Largest US Cities 1790-2010
pecheneg
Rides in Walt Disney World
pecheneg
Most Oscar Losses (Acting)
pecheneg
Beyoncé Albums
pecheneg
Leaping Animals
pecheneg
Reality TV Shows (A-Z)
bhenderson79
Rickey Henderson's Hall of Fame Teammates
pecheneg
Champions League XIs: Arsenal
pecheneg
Quick Pick: Celebrities in WWE's Hall of Fame
aduchscher
Trending Topics
Crossword
Marvel
NBA
Anime
Kpop
Harry Potter
Disney
Pokémon
WWE
NFL
The Office
Song
Puzzle
Soccer
Country
Your Account Isn't Verified!
In order to create a playlist on Sporcle, you need to verify the email address you used during registration. Go to your
Sporcle Settings
to finish the process.
Report this User
Report this user for behavior that violates our
Community Guidelines
.
Details:
Send Report
Go to the Sporcle.com Mobile Site →
Comments